eFOCUS špecializovaný časopis o znalostnej spoločnosti a informačných technológiách

Salvato in:
Dettagli Bibliografici
Natura: Periodico
Lingua:slovacco
Pubblicazione: Svätý Jur Digit
Soggetti:
Tags: Aggiungi Tag
Nessun Tag, puoi essere il primo ad aggiungerne!!

MARC

LEADER 00000nas1a2200000 4500
001 s123771
005 20240710092705.7
022 |a 1336-1805 
022 |a 1337-9801 
041 0 |a slo 
044 |a SK 
245 1 0 |a eFOCUS  |b špecializovaný časopis o znalostnej spoločnosti a informačných technológiách 
264 1 |a Svätý Jur  |b Digit 
500 |a V tlačenej podobe prestal vychádzať, posledné číslo je 1-2/2011 
610 2 0 |a ekonomika vedomostná 
610 2 0 |a technológie informačné 
610 2 0 |a rozhodovanie manažérske